000 00916nam0a22002531 4500
001 rc\505688
005 20250621111943.0
035 _a(NLR Aleph) 005746379
090 _a4793140
_c4793140
100 _a20030616d1988 |||y0rusy50 ca
101 0 _arus
102 _aRU
105 _ay |||||||||
200 1 _aПовышение технического уровня производства и продукции как ключевая задача XII пятилетки
_fК. Кильвитс, к. э. н.
_gО-во "Знание" ЭССР
210 _aТаллин
_cО-во "Знание" ЭССР
_d1988
215 _a25 с.
_d20
225 1 _aВ помощь лектору
320 _aБиблиогр.: с. 25
700 1 _aКильвитс
_bК.В.
_gКаарел Викторович
801 0 _aRU
_bNLR
_gpsbo
801 1 _aRU
_bELAR
_2rusmarc
852 _aNLR
_j89-4/2642
942 _cBOOK
980 _aNB